[Event "Faxe Dags EMT 2012"]
[Site "Faxe"]
[Date "2012.03.28"]
[Round "1"]
[White "Jensen, Leif"]
[Black "Christoffersen, Ib"]
[Result "1-0"]
[WhiteElo "1982"]
[BlackElo "1452"]
[PlyCount "59"]
[EventDate "2012.??.??"]

1. e4 e5 2. Nc3 Nf6 3. f4 d6 4. Nf3 Bg4 5. h3 Bd7 6. Bc4 b5 7. Bxb5 Bxb5 8.
Nxb5 a6 9. Nc3 Nbd7 10. d3 Be7 11. O-O h6 12. Nd5 c6 13. Nxf6+ Bxf6 14. f5 O-O
15. Qe2 d5 16. c3 Qb6+ 17. Be3 d4 18. cxd4 exd4 19. Bf4 c5 20. Qf2 Rae8 21. b3
Ne5 22. Bxe5 Bxe5 23. Nxe5 Rxe5 24. f6 g6 25. Qf4 Rg5 26. Rac1 Qe6 27. Rxc5
Qxh3 28. Qxg5 Qe3+ 29. Qxe3 dxe3 30. Re1 1-0

[Event "Faxe Dags EMT 2012"]
[Site "Faxe"]
[Date "2012.03.28"]
[Round "1"]
[White "Strandsbjerg, Jens"]
[Black "Petersen, Bent"]
[Result "1/2-1/2"]
[WhiteElo "1433"]
[BlackElo "1915"]
[PlyCount "130"]
[EventDate "2012.??.??"]

1. d4 d5 2. c4 c6 3. Nc3 Nf6 4. e3 e6 5. Bd3 Bd6 6. Nf3 Nbd7 7. O-O O-O 8. Re1
Re8 9. e4 dxe4 10. Nxe4 Nxe4 11. Bxe4 Nf6 12. Bg5 h6 13. Bh4 Be7 14. Bc2 Nd7
15. Bxe7 Qxe7 16. Qd3 Nf8 17. Ne5 Rd8 18. Rad1 Bd7 19. Re3 Be8 20. Rg3 c5 21.
Qe3 Kh8 22. Ng4 cxd4 23. Rxd4 Qc5 24. Nf6 g5 25. Rxd8 Qxe3 26. Rxe3 Rxd8 27.
Nxe8 Rxe8 28. Rd3 Kg7 29. Kf1 Rc8 30. b3 a5 31. Bd1 Rb8 32. Bf3 b6 33. Bc6 f5
34. g3 Kf6 35. Ke2 Ng6 36. Rd6 Nf8 37. Ke3 Ke5 38. Rd4 Rc8 39. Bg2 Rb8 40. h3
Kf6 41. Rd6 Ke7 42. Rd2 Nd7 43. Ke2 Nc5 44. Bc6 Rc8 45. Bf3 Rc7 46. Ke3 a4 47.
b4 Na6 48. b5 Nc5 49. Bc6 Ra7 50. a3 Nb3 51. Rd1 Na5 52. Kd3 Rc7 53. Kc3 Nxc6
54. bxc6 Rxc6 55. Kb4 Rc5 56. Rd4 Ra5 57. f4 g4 58. hxg4 fxg4 59. Re4 Kf6 60.
Re5 Rxe5 61. fxe5+ Kxe5 62. Kb5 Kd6 63. Kxb6 Kd7 64. Kb7 Kd6 65. Kb6 Kd7
1/2-1/2

[Event "Faxe Dags EMT 2012"]
[Site "Faxe"]
[Date "2012.03.28"]
[Round "1"]
[White "Christensen, Lars (1957)"]
[Black "Refsgaard, Kaj"]
[Result "1-0"]
[WhiteElo "1901"]
[BlackElo "1428"]
[PlyCount "68"]
[EventDate "2012.??.??"]

1. e4 c5 2. d4 cxd4 3. c3 d3 4. Be3 Nc6 5. Nf3 g6 6. Nbd2 Bg7 7. Qb3 Nf6 8. h3
O-O 9. Bxd3 d6 10. Rd1 Qc7 11. Nd4 Nxd4 12. cxd4 b6 13. O-O Bd7 14. a4 Be6 15.
d5 Bd7 16. Nf3 Qb7 17. Nd4 Rfc8 18. f3 Be8 19. Bb5 Nd7 20. Bc6 Qb8 21. Bxa8 Nc5
22. Qa3 Qxa8 23. a5 Qb7 24. b4 Nd7 25. Rc1 Rxc1 26. Rxc1 Ne5 27. a6 Qd7 28. Bf2
b5 29. Nc6 Nc4 30. Qa2 e6 31. Nxa7 exd5 32. exd5 Ne5 33. Qe2 Nc4 34. Nxb5 Ne5
1-0

[Event "Faxe Dags EMT 2012"]
[Site "Faxe"]
[Date "2012.03.28"]
[Round "1"]
[White "Ostrem, Eyolf"]
[Black "Frederiksen, Uffe"]
[Result "0-1"]
[WhiteElo "1414"]
[BlackElo "1712"]
[PlyCount "92"]
[EventDate "2012.??.??"]

1. d4 e6 2. Bf4 a6 3. e3 g6 4. Nf3 Bg7 5. c3 Nf6 6. Nbd2 O-O 7. Bd3 d5 8. Qc2
Nbd7 9. h4 c5 10. Bd6 c4 11. Bxg6 fxg6 12. Bxf8 Nxf8 13. O-O-O Bd7 14. Ne5 Rc8
15. Rdg1 b5 16. a3 b4 17. axb4 a5 18. Nxd7 Qxd7 19. bxa5 Ra8 20. b4 cxb3 21.
Nxb3 Rb8 22. Nc5 Qb5 23. a6 N8d7 24. Nxd7 Nxd7 25. a7 Ra8 26. Kd2 Rxa7 27. g4
Nb6 28. Rb1 Nc4+ 29. Kc1 Qe8 30. Qb3 Bf8 31. Re1 Qf7 32. f4 Ra3 33. Qc2 Qa7 34.
Re2 Qa5 35. Rb3 Ra1+ 36. Rb1 Rxb1+ 37. Qxb1 Qxc3+ 38. Kd1 Nxe3+ 39. Rxe3 Qxe3
40. Qb6 Qf3+ 41. Kc2 Qxg4 42. Kd3 Qf5+ 43. Ke2 h6 44. Kf3 Bg7 45. Kg3 Qe4 46.
Kg4 Qg2# 0-1

[Event "Faxe Dags EMT 2012"]
[Site "Faxe"]
[Date "2012.03.28"]
[Round "1"]
[White "Christoffersen, Per"]
[Black "Nielsen, Flemming"]
[Result "1-0"]
[WhiteElo "1646"]
[BlackElo "1399"]
[PlyCount "59"]
[EventDate "2012.??.??"]

1. d4 d5 2. Nf3 Nf6 3. e3 a6 4. Bd3 e6 5. O-O Bd6 6. Nbd2 Nc6 7. c3 b5 8. e4
dxe4 9. Nxe4 Be7 10. Nxf6+ Bxf6 11. Be4 Bb7 12. Re1 O-O 13. Qc2 g6 14. Bh6 Re8
15. Rad1 Na5 16. Bxb7 Nxb7 17. Ne5 Qd5 18. Ng4 Bh8 19. Bf4 Qh5 20. Ne5 Qf5 21.
Qc1 Bxe5 22. Rxe5 Qf6 23. Bg5 Qh8 24. Qf4 f5 25. Rde1 Kf7 26. Qf3 Nd6 27. Qc6
Rac8 28. Qd7+ Kg8 29. Rxe6 Rxe6 30. Qxe6+ 1-0

[Event "Faxe Dags EMT 2012"]
[Site "Faxe"]
[Date "2012.03.28"]
[Round "1"]
[White "Jakobsen, Henning"]
[Black "Eckert, Svend"]
[Result "0-1"]
[WhiteElo "1395"]
[BlackElo "1630"]
[PlyCount "70"]
[EventDate "2012.??.??"]

1. d4 Nf6 2. c4 e5 3. dxe5 Ne4 4. Be3 Bb4+ 5. Nd2 Nc6 6. Qc2 d5 7. cxd5 Qxd5 8.
O-O-O Bxd2+ 9. Kb1 Bf5 10. Ka1 Ng3 11. Qxd2 Qxd2 12. Rxd2 Nxf1 13. Rd1 Nxe3 14.
fxe3 Nxe5 15. Nf3 Nxf3 16. exf3 O-O 17. e4 Be6 18. Rd4 Rfd8 19. Rhd1 Rxd4 20.
Rxd4 g6 21. g3 a5 22. b3 b5 23. Kb2 c5 24. Rd2 c4 25. Rd4 Rc8 26. g4 c3+ 27.
Kc2 b4 28. h3 f5 29. e5 fxg4 30. fxg4 Rc5 31. Re4 Rd5 32. Re2 h5 33. Re4 Rd2+
34. Kb1 Rh2 35. gxh5 Bf5 0-1

[Event "Faxe Dags EMT 2012"]
[Site "Faxe"]
[Date "2012.03.28"]
[Round "1"]
[White "Kjeldgaard, Lennart"]
[Black "Nielsen, Harald"]
[Result "0-1"]
[WhiteElo "1614"]
[BlackElo "1393"]
[PlyCount "116"]
[EventDate "2012.??.??"]

1. e4 e5 2. Bc4 Bc5 3. Nf3 d6 4. c3 Nf6 5. d3 h6 6. Be3 Bxe3 7. fxe3 Nc6 8.
Nbd2 Be6 9. Bxe6 fxe6 10. Qb3 Qc8 11. d4 O-O 12. h3 a6 13. O-O-O Na5 14. Qc2 b5
15. dxe5 Nd7 16. exd6 cxd6 17. Nb3 Nc4 18. Rd3 Nf6 19. Nbd2 Qb7 20. Nxc4 bxc4
21. Rxd6 Nxe4 22. Rd4 Nc5 23. Rxc4 Rac8 24. b4 Nd7 25. Rxc8 Rxc8 26. Qb3 Qc6
27. Kb2 a5 28. b5 Qc5 29. Qxe6+ Kh8 30. Qb3 Qxe3 31. Rc1 Nc5 32. Qc2 Nd3+ 33.
Kb1 Nxc1 34. Qxc1 Qxc1+ 35. Kxc1 Rxc3+ 36. Kb2 Rc5 37. Nd4 a4 38. Ka3 Rd5 39.
Kxa4 Rxd4+ 40. Ka5 Rd8 41. b6 Ra8+ 42. Kb5 Rxa2 43. b7 Rb2+ 44. Kc6 g5 45. Kc7
Kg7 46. b8=Q Rxb8 47. Kxb8 Kf6 48. g4 Ke5 49. Kc7 Kf4 50. Kd6 Kg3 51. Ke5 Kxh3
52. Kf5 Kg3 53. Kg6 Kxg4 54. Kxh6 Kh4 55. Kg6 g4 56. Kf5 g3 57. Kf4 Kh3 58. Kf3
g2 0-1

[Event "Faxe Dags EMT 2012"]
[Site "Faxe"]
[Date "2012.03.28"]
[Round "1"]
[White "Adrian, Michael"]
[Black "Hansen, Aage"]
[Result "0-1"]
[WhiteElo "1390"]
[BlackElo "1613"]
[PlyCount "132"]
[EventDate "2012.??.??"]

1. e4 e6 2. d4 d5 3. e5 c5 4. c3 Nc6 5. Nf3 Bd7 6. Be3 Qb6 7. Qb3 Na5 8. Qxb6
axb6 9. Nbd2 c4 10. b3 b5 11. b4 Nc6 12. Be2 Ra3 13. Nb1 Ra6 14. O-O Nge7 15.
Bc1 Nf5 16. h3 h5 17. Bd1 Nce7 18. Bg5 Ng8 19. Bc2 f6 20. exf6 gxf6 21. Bh4
Nxh4 22. Nxh4 Ne7 23. Nd2 e5 24. dxe5 fxe5 25. Rfe1 Bg7 26. Nhf3 e4 27. Nd4
Bxd4 28. cxd4 Rg8 29. Kh2 Nf5 30. Bxe4 dxe4 31. Nxe4 Kd8 32. Nc5 Rag6 33. g3
Bc6 34. h4 Kc7 35. Rad1 Bd5 36. Re5 Bf3 37. Rd2 Nd6 38. Ne6+ Kb8 39. Nf4 Rh6
40. Rc2 Re8 41. Rc3 Bc6 42. Rce3 Rxe5 43. Rxe5 Bf3 44. Kg1 Rh8 45. Kf1 Rc8 46.
Ke1 Re8 47. Rxe8+ Nxe8 48. Ne2 Nd6 49. Ng1 Bd5 50. f4 Nf5 51. Ne2 Kc7 52. Kf2
Kd6 53. Nc3 Kc6 54. a3 Nxd4 55. Ke3 Nc2+ 56. Kd2 Nd4 57. Ke3 Nf5+ 58. Kf2 Nd6
59. Ke3 b6 60. Kf2 Ne4+ 61. Nxe4 Bxe4 62. Ke3 Kd5 63. Kd2 Kd4 64. Kc1 Kc3 65.
Kd1 Kb2 66. Kd2 c3+ 0-1

[Event "Faxe Dags EMT 2012"]
[Site "Faxe"]
[Date "2012.03.28"]
[Round "1"]
[White "Hansen, Borge"]
[Black "Karstensen, Preben"]
[Result "1-0"]
[WhiteElo "1581"]
[BlackElo "1354"]
[PlyCount "79"]
[EventDate "2012.??.??"]

1. e4 e5 2. Bc4 Nf6 3. Nf3 d6 4. Ng5 d5 5. exd5 Bg4 6. f3 Bh5 7. O-O Nxd5 8. d3
Bc5+ 9. Kh1 Ne3 10. Bxe3 Bxe3 11. Ne4 Bg6 12. Qe1 Bb6 13. Nbc3 O-O 14. Nd5 Nc6
15. Nxb6 axb6 16. a3 Qe7 17. Rd1 Rad8 18. Rd2 Kh8 19. Rdf2 f6 20. Ng3 Qd6 21.
f4 exf4 22. Rxf4 Rde8 23. Qd2 Re7 24. Bb5 Nd4 25. Bc4 Rfe8 26. Qf2 c5 27. c3
Ne2 28. Ne4 Bxe4 29. Rxe4 Rxe4 30. dxe4 Rxe4 31. Bxe2 Qe7 32. Bf3 Re5 33. h3 g6
34. Qd2 Kg7 35. Rd1 h5 36. Qd7 Kh6 37. Qxe7 Rxe7 38. Rd6 Re1+ 39. Kh2 b5 40.
Rb6 1-0

[Event "Faxe Dags EMT 2012"]
[Site "Faxe"]
[Date "2012.04.04"]
[Round "1"]
[White "Hansen, Arne Mandrup"]
[Black "Andersen, Hans E"]
[Result "1/2-1/2"]
[WhiteElo "1313"]
[BlackElo "1576"]
[PlyCount "61"]
[EventDate "2012.??.??"]

1. d4 Nf6 2. c4 e6 3. g3 Nc6 4. Nf3 b6 5. Bg2 Bb7 6. O-O d5 7. cxd5 Nxd5 8. Nc3
Na5 9. Bd2 Nc4 10. Bc1 Bb4 11. Nxd5 Bxd5 12. Qa4+ Qd7 13. Qxb4 a5 14. Qc3 b5
15. b3 b4 16. Qd3 Nd6 17. Ne5 Qc8 18. Bxd5 exd5 19. Qf3 Qe6 20. Re1 O-O 21. Qg2
f6 22. Nd3 c6 23. Nc5 Qg4 24. Bf4 Nb5 25. f3 Qg6 26. e3 Qf7 27. g4 Ra7 28. Qg3
g5 29. Bb8 Ra8 30. Bd6 Rfd8 31. Bf4 1/2-1/2

[Event "Faxe Dags EMT 2012"]
[Site "Faxe"]
[Date "2012.03.28"]
[Round "1"]
[White "Brinkhard, Anders"]
[Black "Larsen, Poul Erik"]
[Result "1-0"]
[WhiteElo "1557"]
[BlackElo "1307"]
[PlyCount "63"]
[EventDate "2012.??.??"]

1. Nf3 Nf6 2. d4 e6 3. c3 Be7 4. h3 d5 5. Bf4 b6 6. e3 O-O 7. Bd3 h6 8. O-O c5
9. Nbd2 Nbd7 10. Re1 c4 11. Bc2 b5 12. e4 dxe4 13. Nxe4 Nd5 14. Bd6 Re8 15.
Bxe7 Rxe7 16. Ng3 Bb7 17. Ne5 N7f6 18. Ne4 Nxe4 19. Bxe4 Rc8 20. Qc1 a5 21. a3
Qb6 22. Bxd5 Bxd5 23. Re3 Qb7 24. Rg3 Be4 25. Qxh6 f6 26. Qxf6 Rf8 27. Qh4 Rc7
28. Re1 Bf5 29. Rf3 b4 30. g4 Be4 31. Rxf8+ Kxf8 32. Qd8# 1-0

[Event "Faxe Dags EMT 2012"]
[Site "Faxe"]
[Date "2012.03.28"]
[Round "1"]
[White "Larsen, Paul M"]
[Black "Rasmussen, Frede"]
[Result "1-0"]
[WhiteElo "1293"]
[BlackElo "1514"]
[PlyCount "125"]
[EventDate "2012.??.??"]

1. d4 e6 2. Nf3 h6 3. e3 a6 4. Bd3 d6 5. O-O Bd7 6. Nbd2 Nc6 7. c3 g5 8. Kh1
Bg7 9. e4 e5 10. d5 Nce7 11. Nc4 Ng6 12. Ng1 Nf6 13. Ne3 Nf4 14. Bc2 Qe7 15.
Nf5 Qf8 16. Ba4 b5 17. Bc2 Ng6 18. a4 Rb8 19. axb5 axb5 20. Ra7 Kd8 21. Be3 Ne7
22. Nxg7 Qxg7 23. Qe2 Nc8 24. Ra6 Ke7 25. Rfa1 Rd8 26. f3 Ne8 27. Bd3 Qg8 28.
R1a5 f5 29. Bxb5 f4 30. Bf2 Bxb5 31. Rxb5 Rxb5 32. Qxb5 g4 33. Bh4+ Nf6 34.
Bxf6+ Kxf6 35. fxg4 Qxg4 36. Qe2 Qg6 37. Ra8 Rg8 38. Nf3 Qg4 39. Qf2 Kf7 40.
Ra1 Nb6 41. b3 Nd7 42. Ra7 Rc8 43. Qh4 Qg6 44. Qh3 Ke8 45. Qf5 Qxf5 46. exf5
Nc5 47. Nd2 Kf7 48. b4 Nd7 49. Ne4 Kg7 50. g4 fxg3 51. hxg3 Nf6 52. Nxf6 Kxf6
53. g4 Kg5 54. Kg2 Kxg4 55. f6 Kf4 56. f7 Ke4 57. Rxc7 Rf8 58. c4 Kf5 59. b5
Kg6 60. b6 e4 61. b7 e3 62. Kf1 Rb8 63. Rc8 1-0

[Event "Faxe Dags EMT 2012"]
[Site "Faxe"]
[Date "2012.03.28"]
[Round "1"]
[White "Hansen, Knud"]
[Black "Joost, Kjeld"]
[Result "1-0"]
[WhiteElo "1506"]
[BlackElo "1254"]
[PlyCount "75"]
[EventDate "2012.??.??"]

1. e4 e5 2. Bc4 Nf6 3. d3 c6 4. Nf3 h6 5. h3 d5 6. exd5 cxd5 7. Bb3 Nc6 8. O-O
Be6 9. Ba4 Bd6 10. Nc3 O-O 11. Ne2 Rc8 12. c3 Qb6 13. Bc2 Qd8 14. Be3 b6 15.
Ng3 e4 16. dxe4 Bxg3 17. fxg3 dxe4 18. Nd4 Bc4 19. Rf2 Qe7 20. b3 Ba6 21. Nxc6
Rxc6 22. c4 Rd8 23. Qe1 Nh5 24. g4 Nf6 25. Rd1 Re8 26. Rfd2 b5 27. c5 b4 28.
Rd6 Rec8 29. Qxb4 Qe5 30. Qe1 Rxc5 31. Rd8+ Rxd8 32. Rxd8+ Kh7 33. Bxc5 Qxc5+
34. Qf2 Qe5 35. Rd1 g6 36. Re1 Bb7 37. Qxa7 Bd5 38. Qc5 1-0

[Event "Faxe Dags EMT 2012"]
[Site "Faxe"]
[Date "2012.03.28"]
[Round "1"]
[White "Toftvang, Ove"]
[Black "Sorensen, Lindved"]
[Result "1-0"]
[WhiteElo "1252"]
[BlackElo "1501"]
[PlyCount "93"]
[EventDate "2012.??.??"]

1. d4 Nf6 2. g3 e6 3. Bg2 c5 4. c3 cxd4 5. cxd4 Nc6 6. a3 Qb6 7. Nf3 Na5 8.
Nbd2 d5 9. O-O Bd6 10. Qc2 Bd7 11. b4 Nc6 12. e3 Rc8 13. Qd1 a5 14. bxa5 Nxa5
15. Rb1 Qa6 16. Re1 O-O 17. Ne5 Nc4 18. Nxd7 Nxd7 19. Bf1 b5 20. e4 Bxa3 21.
exd5 exd5 22. Bxa3 Nxa3 23. Rb3 Nc4 24. Nf3 f6 25. Bh3 Qc6 26. Be6+ Kh8 27. Bh3
Rce8 28. Qd3 Nd6 29. Rc3 Nc4 30. Qf5 Ndb6 31. Rcc1 g6 32. Qc2 Re4 33. Rcd1 Rfe8
34. Bg2 Nc8 35. Rxe4 dxe4 36. Ne1 N8d6 37. Nd3 exd3 38. Qxd3 Qb6 39. h4 Nb2 40.
Qf3 Nxd1 41. Qxf6+ Kg8 42. Bd5+ Nf7 43. Qxf7+ Kh8 44. Qxe8+ Kg7 45. Qf7+ Kh6
46. Qf8+ Kh5 47. Bf3# 1-0

[Event "Faxe Dags EMT 2012"]
[Site "Faxe"]
[Date "2012.03.28"]
[Round "1"]
[White "Wehlast, Svend Erik"]
[Black "Andersen, Hans Poul"]
[Result "1-0"]
[WhiteElo "1475"]
[BlackElo "1202"]
[PlyCount "69"]
[EventDate "2012.??.??"]

1. d4 e6 2. Nf3 Be7 3. Bf4 h6 4. h3 d5 5. e3 a6 6. Nbd2 Nf6 7. a3 Nc6 8. c4
dxc4 9. Nxc4 Bd7 10. Bd3 Nd5 11. Bh2 O-O 12. O-O b5 13. Nce5 Bf6 14. Qc2 Nxe5
15. Bxe5 Be7 16. e4 Nb6 17. Bxc7 Qc8 18. Bxb6 Qxc2 19. Bxc2 f6 20. Bc5 Bxc5 21.
dxc5 Be8 22. b4 Bf7 23. e5 f5 24. Bb3 Rfd8 25. Rfd1 Kh8 26. Rd6 Re8 27. Rad1
Bh5 28. R1d3 Bxf3 29. Rxf3 a5 30. Rxe6 Rf8 31. Bd5 Rad8 32. Rd6 Rb8 33. Re3
Rfe8 34. e6 Re7 35. Rd7 1-0

[Event "Faxe Dags EMT 2012"]
[Site "Faxe"]
[Date "2012.03.28"]
[Round "2"]
[White "Hansen, Borge"]
[Black "Jensen, Leif"]
[Result "0-1"]
[WhiteElo "1581"]
[BlackElo "1982"]
[PlyCount "154"]
[EventDate "2012.??.??"]

1. e4 e6 2. d3 d5 3. exd5 exd5 4. Nf3 Nf6 5. Be2 h6 6. O-O Bd6 7. Bd2 O-O 8.
Nc3 c6 9. a3 Bg4 10. h3 Bxf3 11. Bxf3 Nbd7 12. d4 Qb6 13. Bc1 Rfe8 14. Rb1 Nf8
15. Ne2 Re7 16. Bf4 Bxf4 17. Nxf4 Rae8 18. c3 Ne6 19. Nd3 Qc7 20. Re1 Ng5 21.
Rxe7 Qxe7 22. Ne5 Nd7 23. Nxd7 Qxd7 24. Bg4 Qd6 25. Rc1 g6 26. Rc2 f5 27. Be2
Kf7 28. Bd3 Kf6 29. Re2 Rxe2 30. Qxe2 Qe6 31. Qd2 Nf7 32. Kf1 b6 33. a4 Qd6 34.
Kg1 c5 35. Qe3 c4 36. Bc2 Qe6 37. Qd2 g5 38. Bb1 Nd6 39. f3 a6 40. Qc2 b5 41.
axb5 axb5 42. Qf2 f4 43. Qc2 Nf5 44. Kh2 Qd7 45. b3 Qe6 46. bxc4 bxc4 47. Qd2
Nh4 48. Bh7 Kg7 49. Bc2 Kf6 50. Bh7 Qe3 51. Qxe3 fxe3 52. Kg1 e2 53. Kf2 Nxg2
54. Kxe2 Nf4+ 55. Ke3 Nxh3 56. Bc2 Nf4 57. Ba4 h5 58. Bd7 Ke7 59. Bf5 Kd6 60.
Bc8 Kc6 61. Bf5 Kb5 62. Bd7+ Ka5 63. Bc6 Kb6 64. Bd7 Kc7 65. Bf5 Kd6 66. Bc8
Ne6 67. Kf2 Nc7 68. Ke3 Ne6 69. Kf2 h4 70. Kg2 Nf4+ 71. Kh2 Kc6 72. Bg4 Ne2 73.
Kh3 Nxc3 74. f4 gxf4 75. Kxh4 Nb5 76. Kg5 f3 77. Bxf3 Nxd4 0-1

[Event "Faxe Dags EMT 2012"]
[Site "Faxe"]
[Date "2012.03.28"]
[Round "2"]
[White "Brinkhard, Anders"]
[Black "Christensen, Lars (1957)"]
[Result "0-1"]
[WhiteElo "1557"]
[BlackElo "1901"]
[PlyCount "82"]
[EventDate "2012.??.??"]

1. Nf3 c5 2. c3 d5 3. h3 b6 4. d4 Nf6 5. Bf4 e6 6. e3 Be7 7. Nbd2 O-O 8. Be2
Ba6 9. Bxa6 Nxa6 10. O-O Nh5 11. Bh2 f5 12. Ne5 Nf6 13. Nc6 Qe8 14. Nxe7+ Qxe7
15. Qe2 Qb7 16. f3 Rae8 17. Rfe1 c4 18. Qf2 b5 19. a3 Nb8 20. Qg3 Nc6 21. Qc7
Qxc7 22. Bxc7 Rf7 23. Bh2 g5 24. g4 a5 25. Kg2 Ra7 26. b4 axb4 27. axb4 Rea8
28. Rxa7 Rxa7 29. Kg1 Ra2 30. Nb1 Kf7 31. Bg3 h5 32. gxf5 exf5 33. Kf1 g4 34.
hxg4 hxg4 35. Re2 Ra1 36. Rb2 gxf3 37. Bf2 Ne4 38. Be1 Kg6 39. Nd2 f2 40. Rb1
Nxd2+ 41. Bxd2 Rxb1+ 0-1

[Event "Faxe Dags EMT 2012"]
[Site "Faxe"]
[Date "2012.03.28"]
[Round "2"]
[White "Frederiksen, Uffe"]
[Black "Hansen, Knud"]
[Result "1/2-1/2"]
[WhiteElo "1712"]
[BlackElo "1506"]
[PlyCount "68"]
[EventDate "2012.??.??"]

1. e4 e5 2. Bc4 Bc5 3. Nf3 d6 4. O-O Nf6 5. d4 exd4 6. Nxd4 O-O 7. Nc3 a6 8.
Bg5 h6 9. Bh4 g5 10. Bg3 Bg4 11. f3 Bh5 12. Bf2 Nbd7 13. Nf5 Bxf2+ 14. Rxf2 Kh7
15. h4 Ne5 16. Be2 Bg6 17. Nxh6 Nh5 18. Nf5 Nf4 19. Nd5 Nxd5 20. Qxd5 Bxf5 21.
exf5 c6 22. Qe4 f6 23. hxg5 fxg5 24. g4 Qf6 25. f4 Nf7 26. Qe6 Kg7 27. Raf1
Rae8 28. Qxf6+ Kxf6 29. Bd3 gxf4 30. Rxf4 Ne5 31. R1f2 Rg8 32. Be2 Nf7 33. Rh2
Rh8 34. Rxh8 Nxh8 1/2-1/2

[Event "Faxe Dags EMT 2012"]
[Site "Faxe"]
[Date "2012.03.28"]
[Round "2"]
[White "Nielsen, Harald"]
[Black "Christoffersen, Per"]
[Result "0-1"]
[WhiteElo "1393"]
[BlackElo "1646"]
[PlyCount "60"]
[EventDate "2012.??.??"]

1. e4 e6 2. d4 d5 3. e5 c5 4. c3 Nc6 5. b3 cxd4 6. cxd4 Bb4+ 7. Bd2 Qa5 8. Nf3
Nge7 9. a3 Bxd2+ 10. Qxd2 Qb6 11. b4 Nf5 12. Nc3 Ncxd4 13. Na4 Nxf3+ 14. gxf3
Qc7 15. f4 Nh4 16. Be2 Bd7 17. Rc1 Qd8 18. Nc5 Qb6 19. Rc3 Bb5 20. O-O Rd8 21.
a4 Bxe2 22. Qxe2 Qxb4 23. Qb5+ Qxb5 24. axb5 Rc8 25. Rfc1 O-O 26. Nxb7 Rb8 27.
Nd6 Ng6 28. Rc7 Nxf4 29. Rc8 Ne2+ 30. Kg2 Nxc1 0-1

[Event "Faxe Dags EMT 2012"]
[Site "Faxe"]
[Date "2012.03.28"]
[Round "2"]
[White "Eckert, Svend"]
[Black "Wehlast, Svend Erik"]
[Result "1-0"]
[WhiteElo "1630"]
[BlackElo "1475"]
[PlyCount "73"]
[EventDate "2012.??.??"]

1. c4 c5 2. e3 e6 3. Nc3 Nc6 4. Nf3 d5 5. cxd5 exd5 6. Bb5 a6 7. Bxc6+ bxc6 8.
Qa4 Bb7 9. d4 Nf6 10. O-O Bd6 11. dxc5 Bxc5 12. Ne5 Qb6 13. a3 O-O 14. b4 Bd6
15. Nf3 c5 16. bxc5 Qxc5 17. Bb2 Bc6 18. Qc2 Bb5 19. Rfd1 Bc4 20. Na4 Qc7 21.
Bxf6 gxf6 22. Qf5 Be5 23. Rac1 Qa5 24. Nxe5 fxe5 25. Nb2 Qxa3 26. Nxc4 dxc4 27.
Rxc4 Qe7 28. g3 Rfd8 29. Rdc1 a5 30. Rh4 f6 31. Rhc4 Ra7 32. Rc6 Kf7 33. Qxh7+
Ke8 34. Qg6+ Qf7 35. Re6+ Re7 36. Rxe7+ Kxe7 37. Rc7+ 1-0

[Event "Faxe Dags EMT 2012"]
[Site "Faxe"]
[Date "2012.03.28"]
[Round "2"]
[White "Hansen, Aage"]
[Black "Larsen, Paul M"]
[Result "0-1"]
[WhiteElo "1613"]
[BlackElo "1293"]
[PlyCount "72"]
[EventDate "2012.??.??"]

1. e4 c6 2. d4 d5 3. Nc3 dxe4 4. Nxe4 Bf5 5. Ng3 Bg6 6. Bf4 e6 7. Nf3 Bd6 8.
Bxd6 Qxd6 9. Qd2 Nd7 10. Bc4 Ngf6 11. O-O O-O 12. Rfe1 Nb6 13. Bb3 a5 14. a3
Nbd7 15. Rad1 a4 16. Ba2 c5 17. c3 Rac8 18. Ne2 Be4 19. Ng5 Qc6 20. Nf4 Bf5 21.
d5 exd5 22. Nxd5 Nxd5 23. Bxd5 Qf6 24. Be4 Rcd8 25. h4 Ne5 26. Qc2 Rxd1 27.
Rxd1 Bxe4 28. Qxe4 g6 29. Qxb7 h6 30. Nf3 Nxf3+ 31. Qxf3 Qxh4 32. Qd5 Qe7 33.
Qc4 Rb8 34. Rd5 Rxb2 35. Qxc5 Rb1+ 36. Kh2 Qh4# 0-1

[Event "Faxe Dags EMT 2012"]
[Site "Faxe"]
[Date "2012.03.28"]
[Round "2"]
[White "Petersen, Bent"]
[Black "Toftvang, Ove"]
[Result "1-0"]
[WhiteElo "1915"]
[BlackElo "1252"]
[PlyCount "155"]
[EventDate "2012.??.??"]

1. d4 d6 2. c4 c6 3. Nc3 Nf6 4. Nf3 Bf5 5. Nh4 Bd7 6. e4 h6 7. Bd3 e5 8. Nf3
Bg4 9. Be3 Nbd7 10. O-O Be7 11. h3 Bxf3 12. Qxf3 Nh7 13. Qg3 Bg5 14. d5 Qf6 15.
Ne2 h5 16. f4 Bh4 17. Qh2 Qh6 18. Ng3 g6 19. Rf3 Qg7 20. f5 Ndf6 21. Raf1 O-O
22. Ne2 Bg5 23. Qg3 Bxe3+ 24. Rxe3 g5 25. Qe1 c5 26. Kh1 Kh8 27. Ng3 Qh6 28.
Bc2 h4 29. Ne2 g4 30. Ng1 Rg8 31. Bd1 Qg5 32. hxg4 Nxg4 33. Bxg4 Qxg4 34. Qe2
f6 35. Qxg4 Rxg4 36. Nh3 Rag8 37. Rf2 b6 38. Kh2 Rg3 39. Rfe2 R3g4 40. a4 a5
41. Rb3 Rb8 42. Kg1 Nf8 43. Nf2 Rg7 44. Rh3 Rh7 45. Ng4 Nd7 46. Kf2 Rg8 47. Kf3
Rg5 48. Re1 Kg7 49. Reh1 Rgh5 50. g3 Nb8 51. Rxh4 Rxh4 52. gxh4 Na6 53. Kg3 Nb4
54. Rh2 Nd3 55. Rc2 Nf4 56. Nh2 Kf8 57. Ng4 Nh5+ 58. Kf3 Ke7 59. Rc3 Rh8 60.
Rb3 Rb8 61. Nh6 Kd7 62. Ng4 Kc7 63. Nf2 Rg8 64. Ng4 Rg7 65. Re3 Rg8 66. Re2 Rg7
67. Rg2 Nf4 68. Rg1 Nd3 69. Rh1 Nxb2 70. Nxf6 Nxc4 71. Ne8+ Kd7 72. Nxg7 Nb2
73. Ke2 Nxa4 74. h5 c4 75. h6 Kc7 76. h7 b5 77. Ne6+ Kb6 78. h8=Q 1-0

[Event "Faxe Dags EMT 2012"]
[Site "Faxe"]
[Date "2012.03.28"]
[Round "2"]
[White "Andersen, Hans E"]
[Black "Strandsbjerg, Jens"]
[Result "0-1"]
[WhiteElo "1576"]
[BlackElo "1433"]
[PlyCount "44"]
[EventDate "2012.??.??"]

1. e4 e6 2. Nc3 d5 3. exd5 exd5 4. d4 Nf6 5. Nf3 Bb4 6. Bd2 O-O 7. Be2 Bf5 8.
a3 Bd6 9. Bg5 h6 10. Bxf6 Qxf6 11. Nxd5 Qe6 12. Ne3 Nd7 13. O-O Nf6 14. Bc4 Qd7
15. Nxf5 Qxf5 16. Bd3 Qd7 17. c3 Rfe8 18. Qd2 Nd5 19. g3 Qg4 20. Nh4 Nf4 21. f3
Qg5 22. Nf5 Nh3+ 0-1

[Event "Faxe Dags EMT 2012"]
[Site "Faxe"]
[Date "2012.03.28"]
[Round "2"]
[White "Rasmussen, Frede"]
[Black "Hansen, Arne Mandrup"]
[Result "1-0"]
[WhiteElo "1514"]
[BlackElo "1313"]
[PlyCount "105"]
[EventDate "2012.??.??"]

1. d4 Nf6 2. Bf4 c6 3. e3 g6 4. Bd3 Bg7 5. Nd2 d6 6. h3 O-O 7. Ngf3 Be6 8. c3
Qc8 9. b4 b5 10. O-O a5 11. a3 Bf5 12. e4 Be6 13. Qc2 Bxh3 14. Ng5 Bxg2 15.
Kxg2 Qg4+ 16. Bg3 Qxg5 17. Be2 Nh5 18. Bxh5 Qxh5 19. Rh1 Qg4 20. Rh4 Qd7 21.
Rah1 h5 22. e5 dxe5 23. dxe5 Qe6 24. Nf3 f5 25. Rd1 Qf7 26. Ng5 Qe8 27. Ne6 Na6
28. Nxf8 Kxf8 29. Rhd4 Nc7 30. R4d2 Ne6 31. bxa5 Rxa5 32. Qb3 Nc5 33. Qa2 Ra8
34. f3 Na4 35. Qc2 Nb6 36. f4 Nd5 37. Rd3 e6 38. c4 bxc4 39. Qxc4 Kf7 40. Rc1
Rc8 41. Kf3 Bf8 42. Bh4 c5 43. Rb1 Qc6 44. Kg3 Ra8 45. Rdb3 Ra4 46. Qd3 Nxf4
47. Rb7+ Kg8 48. Qd2 Ng2 49. Rb8 Rxh4 50. Qh6 Rg4+ 51. Kh2 Rh4+ 52. Kg1 Rh1+
53. Kf2 1-0

[Event "Faxe Dags EMT 2012"]
[Site "Faxe"]
[Date "2012.03.28"]
[Round "2"]
[White "Karstensen, Preben"]
[Black "Kjeldgaard, Lennart"]
[Result "0-1"]
[WhiteElo "1354"]
[BlackElo "1614"]
[PlyCount "78"]
[EventDate "2012.??.??"]

1. e4 e5 2. Bc4 Bc5 3. d3 c6 4. Nf3 d5 5. exd5 cxd5 6. Bb5+ Bd7 7. Bxd7+ Nxd7
8. O-O Ngf6 9. Bg5 h6 10. Bh4 Qb6 11. b3 O-O-O 12. Nc3 e4 13. Na4 Qc6 14. dxe4
dxe4 15. Nd4 Bxd4 16. Qxd4 Nb6 17. Qc3 Nxa4 18. Qxc6+ bxc6 19. bxa4 g5 20. Bg3
Nh5 21. Be5 Rhe8 22. Bc3 Nf4 23. Rfe1 f5 24. g3 Nd5 25. Ba5 Nb6 26. Red1 Rxd1+
27. Rxd1 Rd8 28. Rxd8+ Kxd8 29. c4 Kd7 30. Bc3 Nxa4 31. Bg7 h5 32. h3 Nb6 33.
g4 hxg4 34. hxg4 fxg4 35. Bf6 Nxc4 36. Bxg5 a5 37. Kg2 Ke6 38. Bc1 Kd5 39. Kg3
Ne5 0-1

[Event "Faxe Dags EMT 2012"]
[Site "Faxe"]
[Date "2012.03.28"]
[Round "2"]
[White "Sorensen, Lindved"]
[Black "Jakobsen, Henning"]
[Result "1-0"]
[WhiteElo "1501"]
[BlackElo "1395"]
[PlyCount "49"]
[EventDate "2012.??.??"]

1. Nf3 d6 2. c4 Nf6 3. Nc3 g6 4. g3 Bg7 5. Bg2 Nc6 6. d4 O-O 7. d5 Ne5 8. Nxe5
dxe5 9. O-O Rb8 10. e4 b6 11. b4 Bd7 12. b5 Ne8 13. a4 Nd6 14. Qb3 f5 15. Bb2
f4 16. Na2 Qc8 17. Nb4 Bh3 18. Nc6 Qg4 19. f3 Qh5 20. Nxb8 fxg3 21. hxg3 Bh6
22. Nc6 Bxg2 23. Kxg2 Qg5 24. Bc1 Qh5 25. Rh1 1-0